cities in Israel - Statistics

General Stats
  • This quiz has been taken 123 times
  • The average score is 29 of 76
Answer Stats
Answer % Correct
Jerusalem
98%
Tel Aviv Yafo
95%
Haifa
91%
Eilat
79%
Ashdod
77%
Beersheba
74%
Ashkelon
72%
Netanya
68%
Holon
66%
Rishon LeZion
65%
Akko
62%
Ramat Gan
62%
Lod
57%
Bnei Brak
56%
Kiryat Shmona
56%
Tiberias
56%
Petah Tikva
55%
Bat Yam
51%
Hadera
51%
Nazareth
51%
Ramla
51%
Afula
50%
Dimona
50%
Herzliya
50%
Beit Shemesh
49%
Raanana
49%
Sderot
49%
Kfar Saba
48%
Rehovot
48%
Arrad
45%
Kiryat Gat
45%
Nahariya
45%
Hod HaSharon
40%
Kiryat Ata
39%
Zefat
38%
Ariel
35%
Ramat HaSharon
35%
Netivot
33%
Givataim
32%
Karmiel
32%
Ofakim
32%
Rosh HaAyin
32%
Beit She'an
30%
Kiryat Motzkin
30%
Kiryat Ono
30%
Kiryat Yam
29%
Ness Ziona
28%
Rahat
28%
Yavne
28%
Tira
26%
Elad
23%
Nof HaGalil
23%
Or Yehuda
23%
Modiin Illit
22%
Modiin Macabim Reut
22%
Nesher
21%
Kfar Yona
20%
Beitar Illit
18%
Kiryat Malakhi
18%
Maale Adumim
18%
Or Akiva
18%
Tirat Karmel
18%
Givat Shmuel
17%
Umm Al Fahm
17%
Migdal Haemek
16%
Yehud Monosson
12%
Kfar Qasim
10%
Maalot Tarhisha
9%
Yokneam Illit
9%
Arraba
7%
Sakhnin
7%
Tayibe
7%
Shefararm
6%
Tamra
6%
Baqa el Gharbiyye
4%
Qalansawe
2%
No matching quizzes found
Score Distribution
Percent of People with Each Score
Percentile by Number Answered
Your Score History
You have not taken this quiz